[Event "Challenge"]
[Site "http://www.queenalice.com/game.php?id=1369013"]
[Date "2015.7.1"]
[Round "-"]
[White "junipero"]
[Black "BOPEbleckangel"]
[Result "1-0"]
[WhiteElo "1984"]
[BlackElo "2167"]

1. d4 d5 2. c4 Nf6 3. e3 e6 4. a3 Be7 5. c5 O-O 6. b4 Ne4 7. Bb2 f5 8. Nf3 Nd7
9. Nc3 Ndf6 10. Nxe4 fxe4 11. Ne5 Bd7 12. Be2 c6 13. f3 Be8 14. O-O exf3 15.
Bxf3 Ne4 16. Bxe4 dxe4 17. Qg4 Rxf1+ 18. Rxf1 Bf6 19. Qxe6+ Kh8 20. Bc3 Qd5 21.
Rxf6 gxf6 22. Qxf6+ Kg8 23. Ng4 Bf7 24. Nh6+ Kf8 25. Qh8+ Ke7 26. Qxa8 Qd7 27.
Nxf7 Kxf7 28. Qxa7 1-0

[Event "Challenge"]
[Site "http://www.queenalice.com/game.php?id=1369020"]
[Date "2015.7.1"]
[Round "-"]
[White "BOPEbleckangel"]
[Black "renet54"]
[Result "1-0"]
[WhiteElo "2268"]
[BlackElo "1517"]

1. d4 Nf6 2. Nc3 e6 3. Nf3 d5 4. e3 Bb4 5. Bd2 O-O 6. Bd3 Nc6 7. O-O Bd6 8. Re1
Ng4 9. h3 Bh2+ 10. Nxh2 Nxf2 11. Kxf2 Qf6+ 12. Kg1 Bd7 13. Rf1 Qe7 14. Qh5 g6
15. Qf3 f5 16. Ne2 Rf6 17. Qg3 e5 18. dxe5 Nxe5 19. Nc3 Raf8 20. Nxd5 Qd6 21.
Nxf6+ Rxf6 22. Bc3 Nf3+ 23. Rxf3 Qxg3 24. Rxg3 Re6 25. Bc4 Kf7 26. Bxe6+ Bxe6
27. Nf3 b6 28. Ng5+ Ke7 29. Nxe6 Kxe6 30. Rd1 c5 31. Rd8 a5 32. Rh8 1-0

[Event "Challenge"]
[Site "http://www.queenalice.com/game.php?id=1369021"]
[Date "2015.7.1"]
[Round "-"]
[White "renet54"]
[Black "BOPEbleckangel"]
[Result "1/2-1/2"]
[WhiteElo "1503"]
[BlackElo "2268"]

1. e4 e5 2. Nf3 Nc6 3. Bb5 d6 4. O-O Bd7 5. c3 Nf6 6. Re1 Be7 7. d4 exd4 8. cxd4
O-O 9. d5 Ne5 10. Bxd7 Nxf3+ 11. Qxf3 Qxd7 12. Nc3 Qg4 13. Qxg4 Nxg4 14. Be3
Nxe3 15. Rxe3 Bg5 16. Rg3 Bf6 17. Re1 Be5 18. Rge3 Rac8 19. g3 f5 20. f4 Bxc3
21. bxc3 fxe4 22. Rxe4 Rf7 23. Re8+ Rxe8 24. Rxe8+ Rf8 25. Re7 Rc8 26. f5 Kf8
27. f6 gxf6 28. Rxh7 Kg8 29. Re7 Kf8 30. Rh7 1/2-1/2

[Event "Challenge"]
[Site "http://www.queenalice.com/game.php?id=1369022"]
[Date "2015.7.1"]
[Round "-"]
[White "BOPEbleckangel"]
[Black "alfiere7"]
[Result "0-1"]
[WhiteElo "2274"]
[BlackElo "1313"]

1. h3 e5 2. e4 Nf6 3. Nc3 Bb4 4. d3 h6 5. Bd2 Nc6 6. Nf3 d5 7. exd5 Nxd5 8. Be2
O-O 9. O-O Bxc3 10. bxc3 Nf4 11. Bxf4 exf4 12. d4 Be6 13. Qd2 g5 14. Bb5 Bd5 15.
Bxc6 Bxc6 16. Qd3 a6 17. Ne5 Bb5 18. c4 Ba4 19. d5 b5 20. Qf5 bxc4 21. h4 g4 22.
Nxg4 Qxh4 23. Nf6+ Kg7 24. Nh5+ Kg8 25. Nxf4 Rad8 26. Rad1 Bd7 27. Qe4 Rde8 28.
Qf3 Bg4 29. Qg3 Qxg3 30. fxg3 Bxd1 31. Rxd1 Re3 32. Kf2 Rfe8 33. Rd4 Rc3 34. Rd2
Ra3 35. Nh5 Rd8 36. Nf6+ Kh8 37. Rd4 Kg7 38. Nh5+ Kf8 39. Rxc4 Rxd5 40. Nf4 Rd2+
41. Ke1 Rd7 42. Rc5 Rxa2 43. Nd5 Kg7 44. Nxc7 Ra1+ 45. Ke2 Rdd1 46. Nxa6 Rdc1
47. Nb4 Re1+ 48. Kd2 Rg1 49. c4 Ra3 50. Nd3 Rxg2+ 0-1

[Event "Challenge"]
[Site "http://www.queenalice.com/game.php?id=1369116"]
[Date "2015.7.2"]
[Round "-"]
[White "BOPEbleckangel"]
[Black "knightsdefence"]
[Result "0-1"]
[WhiteElo "2006"]
[BlackElo "1439"]

1. Nf3 d5 2. d4 Bf5 3. e3 e6 4. Bd3 Bd6 5. O-O Nf6 6. Ne5 Nbd7 7. f4 Ne4 8. Nc3
h6 9. Ne2 f6 10. Nxd7 Qxd7 11. Bxe4 Bxe4 12. Ng3 Bg6 13. Qe2 f5 14. c4 c6 15. b3
Qe7 16. c5 Bc7 17. a4 h5 18. Nh1 Ba5 19. Bd2 Bxd2 20. Qxd2 a6 21. a5 Bf7 22. Rf3
O-O-O 23. Qb4 Qc7 24. Nf2 Rhg8 25. Nd3 g6 26. Ne5 Rg7 27. Qe1 Rdg8 28. Qh4 Be8
29. Qf6 Qe7 30. Qxe7 Rxe7 31. Rg3 Reg7 32. h4 Kd8 33. b4 Kc7 34. Kh2 Kc8 35. Kh3
Kc7 36. Nf3 Kc8 37. Ng5 Bf7 38. b5 cxb5 39. Rc1 Kd7 40. Nf3 Rc8 41. Ne5+ Ke7 42.
c6 bxc6 43. Nxc6+ Kd6 0-1

[Event "Challenge"]
[Site "http://www.queenalice.com/game.php?id=1369118"]
[Date "2015.7.2"]
[Round "-"]
[White "knightsdefence"]
[Black "BOPEbleckangel"]
[Result "1-0"]
[WhiteElo "1469"]
[BlackElo "2006"]

1. e4 e5 2. Nf3 Nc6 3. d4 exd4 4. Nxd4 Nge7 5. Bb5 Nxd4 6. Qxd4 Ng6 7. Nc3 Be7
8. Qxg7 Bf6 9. Qh6 Qe7 10. Qe3 O-O 11. Nd5 Qd6 12. Nxf6+ Qxf6 13. Qg5 Qe7 14.
Qxe7 Nxe7 15. Bc4 d6 16. b3 Nc6 17. c3 Ne5 18. Be2 f5 19. exf5 Bxf5 20. O-O Rae8
21. Bh6 Rf6 22. Bg5 Rfe6 23. Bh5 Bg6 24. Bxg6 Rxg6 25. f4 Ng4 26. Rae1 Kf7 27.
Rxe8 Kxe8 28. Re1+ Kd7 29. Re7+ Kc6 30. Rxh7 Re6 31. Re7 Rxe7 32. Bxe7 Kd5 33.
f5 Ne3 34. f6 Ke6 35. h4 Nd5 36. c4 Nxe7 37. fxe7 Kxe7 38. g4 c6 39. Kf2 Ke6 40.
Ke3 1-0

[Event "Challenge"]
[Site "http://www.queenalice.com/game.php?id=1369121"]
[Date "2015.7.2"]
[Round "-"]
[White "BOPEbleckangel"]
[Black "Bategoll"]
[Result "1-0"]
[WhiteElo "1872"]
[BlackElo "1845"]

1. a3 e5 2. e4 Nc6 3. Nf3 Be7 4. Bc4 Nf6 5. Nc3 d6 6. h3 Be6 7. d3 Bxc4 8. dxc4
a6 9. Bg5 Rb8 10. Bxf6 Bxf6 11. Nd5 h6 12. O-O Qd7 13. Nh2 Nd4 14. c3 Ne6 15.
Qf3 Be7 16. Qe2 Ng5 17. Qe3 Rf8 18. f4 exf4 19. Qxf4 Bf6 20. Qxf6 Nxe4 21. Qxg7
c6 22. Nf6+ 1-0

[Event "Challenge"]
[Site "http://www.queenalice.com/game.php?id=1369122"]
[Date "2015.7.2"]
[Round "-"]
[White "Bategoll"]
[Black "BOPEbleckangel"]
[Result "0-1"]
[WhiteElo "1811"]
[BlackElo "2020"]

1. e4 e5 2. Nf3 Nc6 3. Nc3 Nf6 4. Bb5 d6 5. d3 Bd7 6. Qe2 Be7 7. Ba4 O-O 8. Be3
Nd4 9. Qd1 c5 10. Bxd7 Qxd7 11. a3 Qg4 12. Bxd4 cxd4 13. Nd5 Nxd5 14. exd5 f5
15. Qe2 Rac8 16. h3 Qg6 17. O-O-O Qf7 18. Kb1 Qxd5 19. g4 fxg4 20. Nd2 Qc5 21.
Nb3 Qc6 22. hxg4 Bg5 23. Na5 Qc7 24. Nb3 Qc6 25. f3 Qxf3 26. Qh2 h6 27. Qh5 Qf2
28. Rh2 Qf3 29. Rdh1 Rf4 30. Qg6 Rf6 31. Qh5 Rcf8 32. Rh3 Qe2 33. R3h2 Rf1+ 34.
Rxf1 Rxf1+ 35. Ka2 Qd1 36. Qe8+ Kh7 37. Nxd4 exd4 38. Qe4+ Kg8 39. Qe6+ Rf7 40.
Rf2 Bf6 41. Re2 Be7 42. Qc8+ Bf8 43. Qe6 Qf1 44. Re1 Qf6 45. Qe4 b6 46. g5 Qxg5
47. Qxd4 Qc5 48. Qg4 Qxc2 49. Rh1 Qd2 0-1

[Event "Challenge"]
[Site "http://www.queenalice.com/game.php?id=1369183"]
[Date "2015.7.2"]
[Round "-"]
[White "BOPEbleckangel"]
[Black "antoniozla"]
[Result "1-0"]
[WhiteElo "2273"]
[BlackElo "1455"]

1. d4 d5 2. Nf3 Nc6 3. e3 a6 4. Bd3 Nf6 5. O-O Bg4 6. Nbd2 e6 7. Be2 Bb4 8. c3
Ba5 9. Ne5 Bxe2 10. Nxc6 Bxd1 11. Nxd8 Rxd8 12. Rxd1 O-O 13. Nf3 h6 14. Ne5 Ne4
15. Bd2 c5 16. Be1 c4 17. f3 Ng5 18. Bh4 f6 19. Bxg5 fxg5 20. Rab1 h5 21. b4 Bc7
22. b5 Bxe5 23. dxe5 a5 24. b6 Rf5 25. Rb5 g4 26. f4 Kf7 27. Rxa5 g5 28. Rf1
gxf4 29. Rxf4 Rxf4 30. exf4 h4 31. Rc5 Rd7 32. Rc7 Ke7 33. Rc8 Rd8 34. Rc5 Rd7
35. a4 Kf7 36. Rc8 Kg6 37. Rc7 Rf7 38. Kf2 Rg7 39. g3 h3 40. a5 Rf7 41. Ke3 Kg7
42. Kd4 Kf8 43. Kc5 Ke8 44. Kd6 1-0

[Event "Challenge"]
[Site "http://www.queenalice.com/game.php?id=1369184"]
[Date "2015.7.2"]
[Round "-"]
[White "antoniozla"]
[Black "BOPEbleckangel"]
[Result "0-1"]
[WhiteElo "1425"]
[BlackElo "2268"]

1. e4 e5 2. Nf3 Nc6 3. Nc3 d6 4. h3 Nf6 5. Bb5 Bd7 6. Bxc6 Bxc6 7. O-O Be7 8. d3
O-O 9. Bg5 h6 10. Bh4 Nh7 11. Bg3 f5 12. exf5 Rxf5 13. Ne4 Qd7 14. c3 Raf8 15.
b4 Ng5 16. Re1 Nxf3+ 17. gxf3 Rxf3 18. a4 Qxh3 19. Qd2 Rxg3+ 20. fxg3 Bxe4 21.
Rxe4 Qxg3+ 22. Qg2 Qxd3 23. Rh4 Bxh4 24. Rf1 Rxf1+ 0-1

[Event "Challenge"]
[Site "http://www.queenalice.com/game.php?id=1369211"]
[Date "2015.7.2"]
[Round "-"]
[White "BOPEbleckangel"]
[Black "vangogh"]
[Result "1-0"]
[WhiteElo "2012"]
[BlackElo "1536"]

1. h3 e5 2. e4 d5 3. Nc3 d4 4. Nce2 Nc6 5. d3 h6 6. Nf3 Nf6 7. Ng3 g5 8. Nh2 a6
9. Nh5 Ng8 10. Ng4 Bxg4 11. Qxg4 Nb4 12. Qd1 Qd7 13. Bd2 Qb5 14. Be2 Bc5 15.
Ng7+ Kf8 16. Nf5 Nf6 17. a3 Nc6 18. O-O Qxb2 19. Rb1 Qxa3 20. Rxb7 Rc8 21. Bh5
Nd8 22. Rb3 Qa4 23. Be2 Nc6 24. Qb1 Ke8 25. Bd1 Rb8 26. Rxb8+ Nxb8 27. Qxb8+ Kd7
28. Qxh8 Ke6 29. c3 Qa3 30. Qxh6 dxc3 31. Bxg5 1-0

[Event "Challenge"]
[Site "http://www.queenalice.com/game.php?id=1369212"]
[Date "2015.7.2"]
[Round "-"]
[White "vangogh"]
[Black "BOPEbleckangel"]
[Result "0-1"]
[WhiteElo "1536"]
[BlackElo "2012"]

1. e4 e5 2. d4 exd4 3. Qxd4 Nc6 4. Qd1 Nf6 5. Bg5 Be7 6. Qe2 d6 7. Nc3 Nd4 8.
Qd3 Ne6 9. f4 O-O 10. O-O-O Nc5 11. Qd4 Ng4 12. h3 Nf6 13. b4 Ne6 14. Qe3 Nxg5
15. fxg5 Ne8 16. e5 Bxg5 17. Qxg5 Qxg5+ 18. Rd2 Qxe5 19. Kb2 Qf4 20. Nf3 Nf6 21.
Rd4 Qe3 22. Rd3 Qb6 23. a3 Bf5 24. Rd4 a5 25. b5 Rae8 26. g4 Bd7 27. g5 Nh5 28.
Nd5 Qc5 29. Be2 Rxe2 0-1

[Event "Challenge"]
[Site "http://www.queenalice.com/game.php?id=1369235"]
[Date "2015.7.3"]
[Round "-"]
[White "BOPEbleckangel"]
[Black "Bategoll"]
[Result "1/2-1/2"]
[WhiteElo "2135"]
[BlackElo "1868"]

1. d4 d5 2. Nf3 Nc6 3. e3 Nf6 4. Bd3 e6 5. O-O Be7 6. Bb5 Bd7 7. Bxc6 Bxc6 8.
Nc3 a6 9. Ne5 Bd7 10. f4 Bd6 11. Nxd7 Qxd7 12. Bd2 Ne4 13. Nxe4 dxe4 14. c4 f5
15. c5 Be7 16. Qh5+ g6 17. Qe2 Rd8 18. Bc3 Rg8 19. Rad1 Bf6 20. Qc4 Bg7 21. d5
Bxc3 22. dxe6 Qxd1 23. Rxd1 Rxd1+ 24. Kf2 Rd2+ 25. Kg3 Bh8 26. c6 b6 27. Qxa6
Rd8 28. Qb7 Bxb2 29. Qxc7 Rg7 30. Qxb6 Bf6 31. a4 g5 32. fxg5 Rxg5+ 33. Kf2 Rd2+
34. Ke1 Rgxg2 35. Qb8+ Ke7 36. Qb4+ Ke8 37. Qb8+ Ke7 38. Qb4+ Ke8 39. Qb8+
1/2-1/2

[Event "Challenge"]
[Site "http://www.queenalice.com/game.php?id=1369236"]
[Date "2015.7.3"]
[Round "-"]
[White "BOPEbleckangel"]
[Black "leking"]
[Result "1-0"]
[WhiteElo "2006"]
[BlackElo "1648"]

1. d4 d5 2. Nf3 Nf6 3. e3 e6 4. Bd3 Nc6 5. a3 Bd6 6. O-O O-O 7. Bb5 Bd7 8. Bxc6
Bxc6 9. Nc3 b5 10. Ne5 Bxe5 11. dxe5 Nd7 12. f4 Nb6 13. f5 exf5 14. Rxf5 Qd7 15.
Rf1 Rae8 16. Qd4 Bb7 17. Bd2 Qe6 18. Rf3 a6 19. Raf1 Nd7 20. Rg3 c5 21. Qg4 g6
22. Qg5 Kh8 23. Qh6 Nxe5 24. Rh3 1-0

[Event "Challenge"]
[Site "http://www.queenalice.com/game.php?id=1369237"]
[Date "2015.7.3"]
[Round "-"]
[White "BOPEbleckangel"]
[Black "digger"]
[Result "1-0"]
[WhiteElo "2268"]
[BlackElo "1618"]

1. e4 e5 2. Nf3 Nc6 3. Bb5 Qf6 4. Bxc6 Qxc6 5. Nc3 Bb4 6. O-O Bxc3 7. bxc3 Nf6
8. Nxe5 Nxe4 9. Nxc6 bxc6 10. Re1 d5 11. d3 f5 12. dxe4 fxe4 13. Qh5+ Ke7 14.
Bg5+ Kd6 15. Qf7 g6 16. Qe7# 1-0

[Event "Challenge"]
[Site "http://www.queenalice.com/game.php?id=1369238"]
[Date "2015.7.3"]
[Round "-"]
[White "digger"]
[Black "BOPEbleckangel"]
[Result "1-0"]
[WhiteElo "1522"]
[BlackElo "2051"]

1. d4 d5 2. e3 Nf6 3. Bd3 e6 4. Nf3 Bd6 5. O-O O-O 6. Nc3 Nc6 7. Bb5 Ne4 8. Nxe4
dxe4 9. Nd2 f5 10. Nc4 Be7 11. Bxc6 bxc6 12. Ne5 Bb7 13. c4 Bg5 14. f4 exf3 15.
Nxf3 Be7 16. c5 Bf6 17. b3 a5 18. Bb2 Qd5 19. Qe2 Ba6 20. Qf2 Bxf1 21. Qxf1 a4
22. b4 a3 23. Bc3 Qe4 24. Qe2 f4 25. Rc1 1-0

[Event "Challenge"]
[Site "http://www.queenalice.com/game.php?id=1369240"]
[Date "2015.7.3"]
[Round "-"]
[White "leking"]
[Black "BOPEbleckangel"]
[Result "0-1"]
[WhiteElo "1659"]
[BlackElo "2268"]

1. e4 e5 2. Nf3 Nc6 3. d4 exd4 4. Nxd4 Nge7 5. Nc3 Nxd4 6. Qxd4 Nc6 7. Qd1 Bb4
8. Bd2 O-O 9. Bd3 Ne5 10. Ne2 Bxd2+ 11. Qxd2 d6 12. O-O-O a5 13. f4 Nxd3+ 14.
Qxd3 Bg4 15. Rhe1 a4 16. h3 Bxe2 17. Rxe2 a3 18. b3 Qf6 19. c3 Qxf4+ 20. Qe3 Qe5
21. Qd4 Qxd4 22. Rxd4 f5 23. e5 Rae8 24. e6 Rf6 25. Kd2 b5 26. b4 Rexe6 27. Rd3
Rxe2+ 28. Kxe2 Rf8 29. Re3 Kf7 30. g3 g5 31. Kf3 Kf6 32. Re2 Rf7 33. Re3 c5 34.
Rd3 Ke5 35. Re3+ Kd5 36. Rd3+ Kc4 37. Re3 cxb4 38. h4 bxc3 39. g4 c2 40. Re1 Kc3
41. Re3+ Kb2 42. Re2 fxg4+ 43. Kxg4 Re7 0-1

[Event "Challenge "]
[Site "http://www.queenalice.com/game.php?id=1372122"]
[Date "2015.7.18"]
[Round "-"]
[White "BOPEbleckangel"]
[Black "crisvolei"]
[Result "0-1"]
[WhiteElo "2081"]
[BlackElo "1576"]

1. d4 d5 2. Nc3 Nf6 3. Bg5 h6 4. Bxf6 exf6 5. Nf3 a5 6. e3 a4 7. a3 c6 8. Be2
Qa5 9. O-O Bd7 10. e4 c5 11. e5 c4 12. Ne1 Na6 13. Bg4 f5 14. e6 Bxe6 15. Bf3
O-O-O 16. Be2 b5 17. Nf3 b4 18. axb4 Bxb4 19. Rxa4 Qb6 20. Qa1 Rd6 21. Ne5 Qxd4
22. Rxa6 Kb7 23. Rxd6 Ra8 24. Qxa8+ Kxa8 25. Nc6 Qb6 26. Ra1+ Kb7 27. Ra7+ Qxa7
28. Nxa7 Bxd6 29. Nab5 Bb4 30. Na3 g5 31. Ncb5 Kb6 32. c3 Bc5 33. Kf1 g4 34. f3
h5 35. fxg4 fxg4 36. h3 gxh3 37. Bxh5 h2 0-1

[Event "Challenge"]
[Site "http://www.queenalice.com/game.php?id=1372417"]
[Date "2015.7.20"]
[Round "-"]
[White "tche_elvio"]
[Black "BOPEbleckangel"]
[Result "0-1"]
[WhiteElo "1664"]
[BlackElo "2272"]

1. d4 d5 2. c4 Nf6 3. Nc3 e6 4. a3 Be7 5. g3 O-O 6. Bg2 c6 7. b4 dxc4 8. e4 b5
9. d5 exd5 10. exd5 Bb7 11. dxc6 Bxc6 12. Qxd8 Rxd8 13. Bxc6 Nxc6 14. Nxb5 Nd5
15. Bb2 a6 16. Nc3 Bf6 17. Nge2 Nd4 18. Nxd4 Bxd4 19. Rb1 Re8+ 20. Kf1 Bxc3 21.
Bxc3 Nxc3 22. Rc1 Ne4 23. Rxc4 Nd2+ 0-1

[Event "Challenge 1"]
[Site "http://www.queenalice.com/game.php?id=1372609"]
[Date "2015.7.21"]
[Round "-"]
[White "BOPEbleckangel"]
[Black "tche_elvio"]
[Result "1-0"]
[WhiteElo "2271"]
[BlackElo "1666"]

1. d4 Nf6 2. Nc3 g6 3. e4 Bg7 4. Nf3 d6 5. Bd3 Bg4 6. O-O O-O 7. Be3 a6 8. Be2
b5 9. a3 e6 10. Qd2 c5 11. dxc5 dxc5 12. Qxd8 Rxd8 13. Rad1 c4 14. Rxd8+ 1-0

[Event "Challenge 1"]
[Site "http://www.queenalice.com/game.php?id=1372613"]
[Date "2015.7.21"]
[Round "-"]
[White "BOPEbleckangel"]
[Black "leking"]
[Result "0-1"]
[WhiteElo "2254"]
[BlackElo "1665"]

1. e4 e5 2. Nf3 Nc6 3. Bb5 Nge7 4. O-O d6 5. d4 a6 6. Be2 exd4 7. Nxd4 Nxd4 8.
Qxd4 Nc6 9. Qd1 Be7 10. Nc3 O-O 11. Bd3 Be6 12. Nd5 Bxd5 13. exd5 Ne5 14. c4 Bf6
15. f4 Nd7 16. Bb1 Re8 17. Qd3 Nc5 18. Qxh7+ Kf8 19. Qh8+ Ke7 20. Re1+ Kd7 21.
Bf5+ Ne6 22. dxe6+ fxe6 23. Bxe6+ Kc6 24. Bd5+ Kd7 25. Rxe8 Qxe8 26. Qh3+ Kd8
27. Bd2 c6 28. Be6 Kc7 0-1